书目信息 |
| 题名: |
中华民国专题史
|
|
| 作者: | 张宪文 , 张玉法 主编 ;陈立文 著 | |
| 分册: | 第十五卷 台湾光复研究 | |
| 出版信息: | 南京 南京大学出版社 2015 |
|
| 页数: | 375页 | |
| 开本: | 24cm | |
| 丛书名: | ||
| 单 册: | ||
| 中图分类: | K258.07 , K295.8 | |
| 科图分类: | ||
| 主题词: | 民国--min guo--历史--研究 , 抗日斗争--kang ri dou zheng--研究--台湾 | |
| 电子资源: | ||
| ISBN: | 978-7-305-14834-7 | |
| 000 | 01036nam0 22002771 450 | |
| 001 | 1731220822 | |
| 005 | 20170605111510.67 | |
| 010 | @a978-7-305-14834-7@b精装@dCNY97.00 | |
| 100 | @a20150608d2015 em y0chiy50 ea | |
| 101 | 0 | @achi |
| 102 | @aCN@b320000 | |
| 105 | @ay z 001yy | |
| 106 | @ar | |
| 200 | 1 | @a中华民国专题史@Azhong hua min guo zhuan ti shi@h第十五卷@i台湾光复研究@f张宪文,张玉法主编@g陈立文[等]著 |
| 210 | @a南京@c南京大学出版社@d2015 | |
| 215 | @a375页@d24cm | |
| 330 | @a本书从历史的脉络研究台湾光复的历史,内容包括:日本殖民体制下的台湾、国民政府接收台湾的准备、抗日战争胜利后台湾的复员与接收、“二二八”事件与台湾省政府的成立等。 | |
| 606 | 0 | @a民国@Amin guo@x历史@x研究 |
| 606 | 0 | @a抗日斗争@Akang ri dou zheng@x研究@y台湾 |
| 690 | @aK258.07@v5 | |
| 690 | @aK295.8@v5 | |
| 701 | 0 | @a张宪文@Azhang xian wen@f(1934~)@4主编 |
| 701 | 0 | @a张玉法@Azhang yu fa@f(1935.2~)@4主编 |
| 702 | 0 | @a陈立文@Achen li wen@c(史学)@4著 |
| 801 | 0 | @aCN@bTANG WEI@c20170527 |
| 905 | @b0970113-7@dK258.07@e74:15@f5 | |
| 中华民国专题史.第十五卷.台湾光复研究/张宪文,张玉法主编/陈立文[等]著.-南京:南京大学出版社,2015 |
| 375页;24cm |
| ISBN 978-7-305-14834-7(精装):CNY97.00 |
| 本书从历史的脉络研究台湾光复的历史,内容包括:日本殖民体制下的台湾、国民政府接收台湾的准备、抗日战争胜利后台湾的复员与接收、“二二八”事件与台湾省政府的成立等。 |
| ● |
| 相关链接 |
|
|
|
|
正题名:中华民国专题史
索取号:K258.07/74:15
 
预约/预借
| 序号 | 登录号 | 条形码 | 馆藏地/架位号 | 状态 | 备注 |
| 1 | 0970113 | 209701134 | 第二样本阅览室/ [索取号:K258.07/74:15] | 在馆 | |
| 2 | 0970114 | 209701143 | 史法系资料室/ [索取号:K258.07/74:15] | 在馆 | |
| 3 | 0970115 | 209701152 | 第二借阅区/ [索取号:K258.07/74:15] | 在馆 | |
| 4 | 0970116 | 209701161 | 第二借阅区/ [索取号:K258.07/74:15] | 在馆 | |
| 5 | 0970117 | 209701170 | 第二借阅区/ [索取号:K258.07/74:15] | 在馆 |